| 000 | 00601nam a2200193 u 4500 | ||
|---|---|---|---|
| 005 | 20240803063726.0 | ||
| 008 | 100614s2009 r 000 0 eng d | ||
| 020 | _a9788426371249 | ||
| 035 | _aUPN01000176529 | ||
| 049 | _aCG | ||
| 050 | 4 |
_aPQ6615 E7.6 _bS5.4 |
|
| 100 | 1 |
_aHernández, Miguel, _d1910-1942 |
|
| 245 | 1 | 3 |
_aEl silbo del dale : _bantología / _cMiguel Hernández ; selec. introd, y notas Juan Nieto Marín ; il. Paula Alenda. |
| 260 |
_aMadrid : _bEdelvives, _c2009. |
||
| 300 |
_a119 p. : _bil. col. |
||
| 440 | 0 |
_aAdarga ; _v9 |
|
| 650 | 4 |
_aPoesía española _91237 |
|
| 905 | _aLibro | ||
| 999 |
_c148632 _d148632 |
||